| 000 | 00428 a2200169 4500 | ||
|---|---|---|---|
| 020 | _a0071156399 | ||
| 022 | _a9780071156394 | ||
| 082 | _a658.155 | ||
| 090 |
_c2751 _d2751 |
||
| 100 | _aJr,C.Arthur Williams. | ||
| 245 |
_aRisk Management and Insurance _cC.Arthur Williams,Jr. |
||
| 250 | _a8th | ||
| 260 |
_aNew York _bIrwin McGraw-Hill _c1998 |
||
| 300 | _a702p | ||
| 500 | _aPaper cover | ||
| 942 |
_aNBS _cBK _k658.155 WIL |
||
| 999 |
_c345242 _d345242 |
||